01367nam a2200301 a 450000100060000000300080000600500170001400800390003102000370007002000340010702000270014102000240016803500190019204000320021104100080024308200220025110000210027324501950029424600640048924600620055325000170061526000480063230000290068050400510070950502670076065000150102765000230104231027BD-RjUL20211209051642.0141030s2014 maua b 001 0 eng a9781440572715 (pbk : alk. paper) a1440572712 (pbk : alk. paper) z9781440572722 (e-book) z1440572720 (e-book) a(BD-RjUL)31114 aDLCbengcDLCerdadBD-RjUL aeng00a330223bSAT 20141 aSander, Peter J.10a101 things everyone should know about economics :bfrom securities and derivatives to interest rates and hedge funds, the basics of economics and what they mean for you /cPeter Sander, MBA.3 aOne hundred one things everyone should know about economics3 aA hundred one things everyone should know about economics a2nd Edition. aAvon, Massachusetts :bAdams Media, c2014. a256 p. :bill. ;c22 cm. aIncludes bibliographical references and index.0 aIntroduction -- The basics -- Economy and economic cycles -- Money, prices, and interest rates -- Banks and central banking -- Government and government programs -- Economic schools and tools -- Finance and financial markets -- Trade and international economics. 0aEconomics. 0aFinance, Personal.